000 00877nam a2200265Ia 4500
003 OSt
005 20221005111125.0
006 a|||||r|||| 00| 0
007 ta
008 221004b |||||||| |||| 00| 0 hin d
020 _a8170553628 (hbk)
024 _a32773
037 _cTextual
040 _aCRL
_cCRL
_bhin
041 _2hin
_ahin
082 _aO152:g, M4
100 _aबच्चन सिंह
245 0 _aआधुनिक हिन्दी आलोचना के बीज शब्द
246 _aĀdhunik hindī ālochanā ke bīj shabda
260 _aनई दिल्ली
_bवाणी प्रकाशन भारत
_c1994
300 _a151पृ.
_ccm.
650 _aहिन्दी साहित्य
942 _hO152:g, M4
_cTEXL
_2cc
999 _c1020886
_d1020886